000 00627cam a22002053a 4500
001 39191
003 PGUSA
005 20140828083853.0
008 120318s2012||||xxu|||||s|||||000 | eng d
040 _aPGUSA
_beng
042 _adc
100 1 _aVerne, Jules,
_d1828-1905
245 1 0 _aAvonturen van drie Russen en drie Engelschen :
_bGevolgd door 'De Blokkadebrekers'
_h[electronic resource] /
_cJules Verne
260 _bProject Gutenberg,
_c2012
506 _aPublic domain in the USA.
516 _aElectronic text
830 0 _aProject Gutenberg
_v39191
856 4 0 _uhttp://www.gutenberg.org/ebooks/39191
942 _cEB
999 _c268444
_d268444